| 000 | 01638nam a2200409 c 4500 | ||
|---|---|---|---|
| 003 | BLK | ||
| 005 | 20180422113114.0 | ||
| 008 | 180410b bul|||||r ||||||| ||bul|| | ||
| 010 | _aKNG00158209000 | ||
| 020 |
_a978-954-92985-1-2 _bиздат.: Anarres |
||
| 040 | _aBLK | ||
| 041 |
_aBUL _cBUL |
||
| 072 | 7 |
_2bullib _aН10 _xФилософия Н |
|
| 080 |
_aОбща история на философията _b101(091) _x(430)(092) _z101(091)(430)(092) |
||
| 080 |
_a _b929 Маркс, Карл _x _z929 Маркс, Карл |
||
| 700 | 1 |
_aПаницидис, Хараламби Георгиев _eсъстав. _9374157 |
|
| 700 | 1 |
_aМинева, Емилия Тодорова _e* _9378586 |
|
| 700 | 1 |
_aПанайотов, Станимир _e* _9376586 |
|
| 700 | 1 |
_aАнгелова, Паула _eпрев. _9331556 |
|
| 139 |
_aМаркс _bМ 32 |
||
| 245 | 1 | 0 |
_aМаркс _bХетерогенни прочити от XX век : Сб. _cсъстав. Хараламби Георгиев Паницидис; * Емилия Тодорова Минева; * Станимир Панайотов; прев. Паула Ангелова. |
| 257 | _aSB | ||
| 260 |
_аСофия _bAnarres _c2012 _fСофия : Аси Принт |
||
| 300 |
_a656 с. _c20 см |
||
| 380 | _a1 | ||
| 490 | 1 | _aСерия URRAS | |
| 600 | 1 | 4 |
_aМаркс, Карл _9365572 |
| 650 | 4 |
_aМаркс, Карл _9365572 |
|
| 653 | _aКарл Маркс | ||
| 653 | _aмироглед | ||
| 659 | _aН | ||
| 852 | _aЦб 263886 | ||
| 856 | 4 |
_qpdf _u |
|
| 856 | 4 |
_qpdf _u |
|
| 942 |
_cKNG _n0 |
||
| 944 |
_aCR _c19.03.2014 _kПенка_Димитрова |
||
| 944 |
_aED _c28.11.2014 _kГеновева_Генчева |
||
| 999 |
_c151775 _d151775 |
||